Agent Orange : history, science, and the politics of uncertainty /

Bibliographic Details
Main Author: Martini, Edwin A., 1975-
Format: Book
Language:English
Published: Amherst : University of Massachusetts Press, [2012]
Series:Culture, politics, and the cold war.
Subjects:

MARC

Tag First Indicator Second Indicator Subfields
LEADER 00000cam a2200000 a 4500
001 in00002782773
005 20150922144632.0
008 120717s2012 mauab b 001 0 eng
010 |a  2012028716 
020 |a 9781558499751 (pbk. : alk. paper) 
020 |a 155849975X (pbk. : alk. paper) 
020 |a 9781558499744 (library cloth : alk. paper) 
020 |a 1558499741 (library cloth : alk. paper) 
035 |a (OCoLC)ocn794709389 
040 |a DLC  |c DLC  |d UtOrBLW 
043 |a n-us---  |a a-vt---  |a u-at--- 
049 |a TXAM 
050 0 0 |a DS559.8.C5  |b M37 2012 
082 0 0 |a 959.704/38  |2 23 
100 1 |a Martini, Edwin A.,  |d 1975- 
245 1 0 |a Agent Orange :  |b history, science, and the politics of uncertainty /  |c Edwin A. Martini. 
264 1 |a Amherst :  |b University of Massachusetts Press,  |c [2012] 
264 4 |c ©2012 
300 |a xvi, 302 pages :  |b illustrations, map ;  |c 23 cm. 
336 |a text  |b txt  |2 rdacontent 
337 |a unmediated  |b n  |2 rdamedia 
338 |a volume  |b nc  |2 rdacarrier 
490 1 |a Culture, politics, and the cold war 
504 |a Includes bibliographical references and index. 
505 0 |a List of abbreviations and acronyms -- Introduction: approaching Agent Orange -- Only you can prevent forests: the chemical war and the illusion of control -- Hearts, minds, and herbicides: the politics of the chemical war -- Incinerating Agent Orange: dioxin, disposal, and the environmental imaginary -- The politics of uncertainty: science, policy, and the state -- "All those others so unfortunate": Vietnam and the global legacies of the chemical war -- Conclusion: Agent Orange and the limits of science and history. 
650 0 |a Vietnam War, 1961-1975  |x Chemical warfare. 
650 0 |a Agent Orange  |x War use. 
650 0 |a Agent Orange  |x Toxicology. 
650 0 |a Agent Orange  |x Environmental aspects. 
650 0 |a Veterans  |x Diseases  |z United States. 
650 0 |a Veterans  |x Diseases  |z Australia. 
830 0 |a Culture, politics, and the cold war. 
945 |a PromptCat 
946 |a stk 
947 |a A14836006764 
948 |a cataloged  |b h  |c 2012/11/27  |d c  |e dmitchel  |f 12:00:00 pm 
994 |a 92  |b TXA 
999 |a MARS 
999 f f |s 4574665f-b6eb-3e88-be03-8018d298e17c  |i 62b2b842-bfa0-33d9-80c2-d6f41dc8b124  |t 0 
952 f f |p normal  |a Texas A&M University  |b College Station  |c Sterling C. Evans Library  |d Evans: Library Stacks  |t 0  |e DS559.8.C5 M37 2012  |h Library of Congress classification  |i unmediated -- volume  |m A14836006764 
998 f f |a DS559.8.C5 M37 2012  |t 0  |l Evans: Library Stacks